000
00220nam a22000857a 4500
008
161228b xxu||||| |||| 00| 0 eng d
100
_9
2213
_a
Aggarwal.K.etal
245
_a
English Course-1
260
_a
New DelhiS.
_b
S.Chand
_c
2011
999
_c
5101
_d
5101